County Seats Of Colorado - Statistics

General Stats
  • This quiz has been taken 63 times
  • The average score is 35 of 64
Answer Stats
County Seat % Correct
El Paso Colorado Springs
100%
City and County of ______ Denver
100%
Pitkin Aspen
96%
Larimer Fort Collins
96%
Mesa Grand Junction
96%
Jefferson Golden
92%
Weld Greeley
92%
_______ Boulder
88%
______ Pueblo
84%
La Plata Durango
80%
City and County of __________ Broomfield
76%
San Miguel Telluride
72%
Fremont Cañon City
68%
Lake Leadville
68%
Routt Steamboat Springs
68%
Logan Sterling
68%
Garfield Glenwood Springs
64%
Las Animas Trinidad
64%
_______ Alamosa
60%
Summit Breckenridge
60%
Douglas Castle Rock
60%
Bent Las Animas
60%
Arapahoe Littleton
60%
________ Montrose
60%
Archuleta Pagosa Springs
60%
Montezuma Cortez
56%
Moffat Craig
56%
Morgan Fort Morgan
56%
________ Gunnison
56%
Prowers Lamar
56%
_____ Eagle
52%
Kit Carson Burlington
48%
_____ Delta
48%
Park Fairplay
48%
Sedgwick Julesburg
48%
Otero La Junta
48%
Chaffee Salida
48%
Yuma Wray
48%
Washington Akron
44%
Clear Creek Georgetown
44%
Elbert Kiowa
44%
_____ Ouray
44%
San Juan Silverton
44%
Baca Springfield
44%
Adams Brighton
40%
Cheyenne Cheyenne Wells
40%
Phillips Holyoke
40%
Grand Hot Sulphur Springs
40%
Huerfano Walsenburg
40%
Custer Westcliffe
40%
Gilpin Central City
36%
_______ Conejos
36%
Mineral Creede
36%
Teller Cripple Creek
36%
Kiowa Eads
36%
Lincoln Hugo
36%
Hinsdale Lake City
36%
Jackson Walden
36%
Rio Grande Del Norte
32%
Dolores Dove Creek
32%
Rio Blanco Meeker
32%
Crowley Ordway
32%
Costilla San Luis
32%
________ Saguache
28%
No matching quizzes found
Score Distribution
Percent of People with Each Score
Percentile by Number Answered
Your Score History
You have not taken this quiz